Marcas por sus logos #3 - Estadísticas

Estadísticas generales
  • Esta prueba ha sido intentada 544 veces
  • La puntuación promedio es 20 de 40
Estadísticas de respuestas
Imagen Respuesta % Correcto
Youtube
96%
Gmail
94%
Excel
92%
Pinterest
92%
Taco Bell
89%
Bic
86%
Safari
82%
Bluetooth
81%
Glovo
79%
Discord
76%
Citroen
75%
The North Face
74%
Dia
70%
Disney Channel
70%
Correos
68%
Idealista
65%
App Store
62%
RyanAir
59%
Zalando
59%
100 Montaditos
54%
Versace
54%
Kelloggs
51%
Tabacos
51%
Frigo
44%
Foot Locker
41%
SoundCloud
41%
Skechers
39%
Cabify
38%
Bla Bla Car
23%
Element
21%
DC Shoes
20%
Tenth
20%
American Express
19%
Grimey
17%
We Transfer
17%
Stabilo
12%
EMT
9%
Victoria´s Secret
7%
Burberry
2%
Foot District
1%
No se encontraron pruebas coincidentes
Distribución de puntuación
Porcentaje de gente con cada puntuación
Porcentaje por número respondido
Historial de tus puntuaciones
No has intentado esta prueba.